Carry on Wayward Son - Statistics

General Stats
  • This quiz has been taken 1,884 times
  • The average score is 177 of 236
Answer Stats
Answer % Correct
Carry
100%
carry
100%
on
100%
On
100%
on,
100%
my
99%
son,
99%
wayward
99%
a
98%
the
98%
you
98%
you.
98%
be
97%
when
97%
are
96%
no
96%
cry
95%
don't
95%
more.
95%
peace
95%
to
95%
done,
94%
rest,
92%
your
92%
head
91%
lay
91%
weary
89%
there'll
87%
I
83%
and
71%
man,
66%
man
66%
confusion,
65%
was
64%
high.
63%
Once
63%
but
62%
noise
62%
illusion,
61%
rose
61%
too
61%
above
60%
ever
60%
hear
60%
just
60%
say.
60%
flew
59%
higher,
59%
this
59%
get
58%
glimpse
56%
soaring
56%
blind
55%
voices
55%
can
54%
see
54%
them
54%
beyond
53%
still
53%
eyes
51%
I'm
51%
mad
51%
of
51%
will
51%
could
49%
Though
49%
though
49%
know.
48%
dreamin',
47%
sea
47%
wise
47%
mind
46%
for
45%
it
44%
ocean,
44%
that
44%
ship
43%
surely
43%
think
43%
is
41%
like
41%
if
40%
means
40%
claim
39%
season,
39%
reason,
38%
with
38%
always
37%
as
37%
emotion,
37%
remember,
37%
about
36%
stormy
35%
event
34%
tossed
34%
fortune,
33%
charade
32%
Masquerading
29%
set
29%
winds
29%
course
28%
heaven
26%
moving
26%
waits
25%
nothing
24%
now
22%
empty,
21%
equals,
21%
longer
20%
life's
18%
spendor,
6%
No matching quizzes found
Score Distribution
Percent of People with Each Score
Percentile by Number Answered
Your Score History
You have not taken this quiz